Madrid (Registro nro. 153079)

Detalles MARC
000 -LEADER
campo de control de longitud fija 00781nam a22002055i 4500
001 - NÚMERO DE CONTROL
campo de control 153079
003 - IDENTIFICADOR DE NÚMERO DE CONTROL
campo de control ES-MaACL
005 - FECHA Y HORA DE LA ÚLTIMA TRANSACCIÓN
campo de control 20230906205020.0
008 - DATOS DE LONGITUD FIJA--INFORMACIÓN GENERAL
campo de control de longitud fija 940301s1872 po |||| | por d
040 ## - FUENTE DE CATALOGACIÓN
Centro catalogador/agencia de origen CAM
Lengua de catalogación spa
100 1# - ENTRADA PRINCIPAL--NOMBRE DE PERSONA
Nombre de persona Chagas, Manuel Pinheiro (
Fechas asociadas al nombre 1842-1895)
9 (RLIN) 154668
245 10 - MENCIÓN DEL TÍTULO
Título Madrid
Resto del título : [Escenas de viagem] /
Mención de responsabilidad, etc. M. Pinheiro Chagas.
260 ## - PUBLICACIÓN, DISTRIBUCIÓN, ETC.
Lugar de publicación, distribución, etc. Lisboa :
Nombre del editor, distribuidor, etc. C.S. Afra y Cia,
Fecha de publicación, distribución, etc. [1872]
300 ## - DESCRIPCIÓN FÍSICA
Extensión 225 p. ;
Dimensiones 19 cm.
500 ## - NOTA GENERAL
Nota general Fecha tomada de Silva, Dic. bibl. portug.
650 04 - PUNTO DE ACCESO ADICIONAL DE MATERIA--TÉRMINO DE MATERIA
Término de materia o nombre geográfico como elemento de entrada Madrid-
Subdivisión general Descripción-
Subdivisión cronológica S.XIX.
9 (RLIN) 221986
852 ## - LOCALIZACIÓN
Ubicación ES-MaACL
Número de control de estantería C-3028
Nota libre -- Rust.
-- -- Legado M. de La Fuente
Encuadernación -- Edic.: Corregir t300: 226 p.
852 ## - LOCALIZACIÓN
Ubicación ES-MaACL
Número de control de estantería T-710-F-3
Nota libre -- Enc. hol. conservando la cub. original
-- -- Enc. en un vol. facticio
Existencias
Estatus retirado Estado de pérdida Estado de daño No para préstamo Colección Biblioteca de origen Biblioteca actual Ubicación en estantería Fecha de adquisición Total de préstamos Signatura topográfica completa Código de barras Visto por última vez Precio de reemplazo Tipo de ítem Koha Fuente de adquisición
        Colección de folletos Biblioteca del Ateneo de Madrid Biblioteca del Ateneo de Madrid Depósito folletos 17/01/2008   T-710-F-3 1159937 23/02/2023 23/02/2023 Folleto  
        Libros del s. XIX Biblioteca del Ateneo de Madrid Biblioteca del Ateneo de Madrid Sala Palomar 17/01/2008   C-3028 1159936 23/02/2023 23/02/2023 Libro impreso antiguo